000
00318nam a22001457a 4500
008
221028b ||||| |||| 00| 0 eng d
020
_a
2901464135957
041
_a
eng
080
_2
THIRD EDITION
_a
573
082
_a
573
100
_a
16.1
101
_a
BIO
245
_a
WHAT IS LIFE
_c
PHELAN J
942
_2
udc
_c
BK
999
_c
58685
_d
58685